Music Quiz

Random Music or Song Quiz

Good Riddance (Time of Your Life) Lyrics Quiz Stats

 Plays Quiz Updated Mar 14, 2018

Score 0/116 Timer 06:00
2 Plays Today
% Correct
you
98.7%
you
98.7%
you
98.7%
you
98.7%
Time
98.6%
time
98.6%
time
98.5%
time
98.5%
time
98.5%
the
98.5%
the
98.5%
the
98.5%
the
98.5%
the
98.5%
the
98.5%
the
98.5%
the
98.5%
the
98.5%
I
98.3%
I
98.3%
of
97.9%
of
97.9%
of
97.9%
of
97.9%
life
97.5%
life
97.5%
your
97.2%
your
97.2%
your
97.1%
a
94.6%
a
94.6%
a
94.6%
a
94.6%
in
93%
in
93%
in
93%
in
93%
in
93%
in
93%
% Correct
in
93%
hope
92.7%
hope
92.7%
had
92.5%
had
92.5%
it
89.2%
it
89.2%
go
86.6%
It's
85.7%
It's
85.7%
it's
85.7%
it's
85.7%
It's
85.7%
it's
85.7%
So
85.3%
So
85.3%
and
84%
and
84%
and
84%
for
83.8%
end
83.5%
end
83.5%
but
82.9%
but
82.9%
but
82.9%
to
81.2%
something
81.1%
something
81.1%
right
80.3%
right
80.3%
unpredictable
78.1%
unpredictable
78.1%
road
75.8%
where
75.3%
fork
74.8%
stuck
74.4%
by
74.3%
Another
74.1%
not
73.8%
% Correct
take
70.1%
turning
69.6%
point
69.5%
on
69.3%
on
69.3%
good
68.7%
good
68.7%
grabs
67.3%
all
66.7%
mind
66.5%
directs
65.7%
best
64.9%
what
64.8%
was
64.3%
why
64.2%
still
63.9%
lesson
63.8%
learned
63.7%
this
63.2%
worth
62.8%
worth
62.8%
photographs
62.6%
frames
62.3%
make
61.9%
while
61.5%
wrist
60.5%
question
59.6%
memories
58.9%
don't
58.8%
ask
58.2%
shelf
53.5%
hang
51%
health
50.3%
trial
49.6%
Tattoos
49.5%
test
44.9%
skin
37.7%
dead
36.3%

You're not logged in!

Compare scores with friends on all Sporcle quizzes.
OR
Log In

Sporcle TV

Today on Sporcle TV


Watch our educational content, quiz creation guides, and fun videos on Sporcle TV.

Show Comments

Extras

Top Quizzes Today


Score Distribution

Your Account Isn't Verified!

In order to create a playlist on Sporcle, you need to verify the email address you used during registration. Go to your Sporcle Settings to finish the process.

Report this User

Report this user for behavior that violates our Community Guidelines.

Details: